U.S. States VS European Countries By Population - Statistics

General Stats
  • This quiz has been taken 17 times
  • The average score is 4 of 5
Answer Stats
Question Answer % Correct
Which is more populated? Italy
100%
Which is more populated? New York
93%
Which is more populated? Luxembourg
79%
Which is more populated? Finland
43%
Which is more populated? Belarus
36%
No matching quizzes found
Score Distribution
Percent of People with Each Score
Percentile by Number Answered
Your Score History
You have not taken this quiz